Pays les plus proches de la Slovaquie - une minute sprint - Statistiques

Statistiques générales
  • Ce quiz a été pris 127 fois
  • Le résultat moyen est 15 sur 20
Statistiques - réponses
km pays % Correct
0 Pologne
92%
224 Allemagne
90%
0 Hongrie
90%
0 Tchèquie
90%
0 Autriche
89%
142 Slovénie
81%
168 Croatie
79%
0 Ukraine
77%
539 Russie
75%
267 Biélorussie
73%
502 Suisse
73%
189 Serbie
72%
71 Roumanie
71%
304 Italie
68%
282 Bosnie- Herzégovine
67%
527 Kosovo
56%
321 Moldavie
55%
468 Monténégro
53%
497 Bulgarie
51%
517 Lituanie
50%
Aucun quiz correspondant
Distribution des résultats
% des personnes avec chaque résultat
Percentile par nombre de réponses
Votre historique - résultats
Vous n’avez pas pris ce quiz